Where in the U.K. - Railway Stations - Statistics

General Stats
  • This quiz has been taken 159 times
  • The average score is 8 of 16
Answer Stats
Question Answer % Correct
Llanfairpwllgwyngyllgogerychwyrndrobwllllantysiliogogogoch Wales
100%
Acocks Green England
76%
Georgemas Junction Scotland
71%
Gypsy Lane England
59%
Woody Bay England
59%
Trooperslane Northern Ireland
59%
Anniesland Scotland
59%
Bellarena Northern Ireland
53%
Tonypandy Wales
53%
Sugar Loaf Wales
53%
Flowery Field England
47%
Helen's Bay Northern Ireland
47%
York Street Northern Ireland
29%
Quakers Yard Wales
29%
Wallyford Scotland
18%
Connel ferry Scotland
12%
No matching quizzes found
Score Distribution
Percent of People with Each Score
Percentile by Number Answered
Your Score History
You have not taken this quiz